[Event "IND-ch U13 Girls"]
[Site "Puducherry"]
[Date "2013.07.04"]
[Round "7"]
[White "Ananya, Suresh"]
[Black "Dhivyashree, J."]
[Result "1-0"]
[WhiteElo "1835"]
[BlackElo "1542"]
[PlyCount "75"]
[EventDate "2013.06.30"]
[EventType "swiss"]
[EventRounds "11"]
[EventCountry "IND"]
[SourceTitle "EXT 2014"]
[Source "ChessBase"]
[SourceDate "2013.11.20"]
[SourceVersion "1"]
[SourceVersionDate "2013.11.20"]
[SourceQuality "1"]

1. e4 e6 2. d4 d5 3. Nc3 Nf6 4. Bg5 Be7 5. e5 Nfd7 6. Bxe7 Qxe7 7. f4 a6 8. Nf3 c5 9. Be2 Nc6 10. Qd2 cxd4 11. Nxd4 Qc5 12. Nb3 Qa7 13. 0-0-0 Nc5 14. Nxc5 Qxc5 15. g4 b5 16. Bf3 Bd7 17. Ne4 Qe7 18. Nd6+ Kd8 19. Qc3 f6 20. Qc5 Rb8 21. Rhe1 Rf8 22. Bxd5 exd5 23. e6 Bxe6 24. Qxc6 Qd7 25. Qxa6 g5 26. f5 Bf7 27. Rd3 b4 28. Rde3 Qc7 29. Nxf7+ Qxf7 30. Qd6+ Kc8 31. Re7 Rb7 32. Qc6+ Kd8 33. Qxb7 Qxe7 34. Qxe7+ Kc8 35. Qxf8+ Kc7 36. Qxf6 Kd7 37. Re7+ Kc8 38. Qf8# 1-0

[Event "IND-ch U13 Girls"]
[Site "Puducherry"]
[Date "2013.07.01"]
[Round "2"]
[White "Dhivyashree, J."]
[Black "Savant, Riya"]
[Result "0-1"]
[WhiteElo "1542"]
[BlackElo "1966"]
[PlyCount "68"]
[EventDate "2013.06.30"]
[EventType "swiss"]
[EventRounds "11"]
[EventCountry "IND"]
[SourceTitle "EXT 2014"]
[Source "ChessBase"]
[SourceDate "2013.11.20"]
[SourceVersion "1"]
[SourceVersionDate "2013.11.20"]
[SourceQuality "1"]

1. e4 c5 2. Nf3 g6 3. d4 cxd4 4. Nxd4 Bg7 5. Nc3 Nc6 6. Be3 Nf6 7. Nxc6 bxc6 8. e5 Ng8 9. f4 f6 10. Bd4 Qa5 11. Qe2 c5 12. Qe4 Rb8 13. Qd5 Rxb2 14. Bc4 e6 15. Qa8 cxd4 16. Qxc8+ Ke7 17. 0-0 dxc3 18. Rad1 Qb6+ 19. Kh1 Qb7 20. Qc5+ Ke8 21. Be2 Rb6 22. Bf3 Qb8 23. Rd3 fxe5 24. fxe5 Bxe5 25. Bc6 Nf6 26. Bxd7+ Nxd7 27. Rxd7 Bd6 28. Rxd6 Rxd6 29. Qxc3 Rf8 30. Rxf8+ Kxf8 31. Qh8+ Kf7 32. Qxh7+ Kf6 33. Qh4+ Kg7 34. Qe7+ Kg8 0-1